000 00310nam a2200133Ia 4500
008 240624s9999 xx 000 0 und d
041 _aeng
082 _a519.5 KAN
100 _aKANJI GOPAL K
245 _a100 STATISTICAL TESTS
250 _a(3rd ed.)
260 _c2006
_aNew Delhi
_bsage
365 _cBPS
_b32
999 _c29850
_d29850